[Event "Druga liga Srbije grupa Vojvodina 2012"]
[Site "Kac"]
[Date "2012.10.17"]
[Round "5.6"]
[White "Sevo, Dusan"]
[Black "Jacimovic, Zoran"]
[Result "1/2-1/2"]
[WhiteElo "2266"]
[BlackElo "2168"]
[PlyCount "26"]
[EventDate "2012.10.14"]

1. e4 c6 2. d3 d5 3. Nd2 e5 4. Ngf3 Bd6 5. g3 Nf6 6. Bg2 O-O 7. O-O Re8 8. b3
Nbd7 9. Bb2 d4 10. c3 c5 11. a3 a5 12. Nc4 Nb8 13. Qc2 Nc6 1/2-1/2